00788nam a22002177a 4500999001900000005001700019010001500036020002600051035001400077037001300091082000800104245002000112250001900132260004200151270014100193300003100334490003500365500003000400942002200430952011800452 c166190d16619020190716130747.0 aENG-125947 a9789353430917c575.00 aEN-109479 bDBAD/PUB a530 aPhysics class-9 aEighth edition aNoida bPearson India Educationc2019 a15th Floor, Tower-B, World Trade Tower, Plot No.I, Block-C, Sector 16bNoida, Uttar Pradesh e201301mcompanysecretary.india@pearson.com avarious paging.c25cm(pbk) aPearsons IIT foundation series aTrishna knowledge systems 2ddccENh530mPHY 001040708NFICaAVbAVd2019-07-16eDBAD/PUBg575.00l0o530 PHYpEN-109479r2019-07-16 00:00:00t1v575.00yEN